Catalog

Record Details

Catalog Search



Dachshunds  Cover Image Book Book

Dachshunds / Mario Migliorini.

Migliorini, Mario. (Author).

Record details

  • ISBN: 0668037717
  • Physical Description: 96 pages : illustrations ; 21 cm.
  • Publisher: New York : Arco, c1976.
Subject: Dachshunds.

LDR 00706cam a2200229 i 4500
001123048
003CONS
00520140703073300.0
008770214s1976 nyua 000 0 eng
010 . ‡a 75004018
020 . ‡a0668037717
035 . ‡a(CPomAG)LMN480888
0500 . ‡aSF429.D25 ‡bM53
082 . ‡a636.7/53
1001 . ‡aMigliorini, Mario.
24510. ‡aDachshunds / ‡cMario Migliorini.
260 . ‡aNew York : ‡bArco, ‡cc1976.
300 . ‡a96 pages : ‡billustrations ; ‡c21 cm.
440 0. ‡aArco pet handbooks
650 0. ‡aDachshunds.
959 . ‡i32269000072747 ‡l636.753 Mig ‡aAdult - Nonfiction ‡tNonFiction ‡g1.95
852 . ‡p32269000072747 ‡j636.753 Mig ‡gAdult - Nonfiction ‡cNonFiction ‡y1.95 ‡bSBPL
901 . ‡a123048 ‡bUnknown ‡c123048 ‡tbiblio

Additional Resources